01130nam a2200277 a 450000100060000000300080000600500170001400800410003103500200007204000270009204100080011908200240012710000480015124501100019926000360030930000310034549000420037650001260041850400300054465000300057465000280060485600420063294200120067499900170068695201490070367892BD-RjUL20211209081714.0170329s1968 maua b 001 0 eng d a(BD-RjUL) 68101 aDLCcDLCdBD-RjULbeng aeng00223a571.2bSTG 19681 aSteward, F. C.q(Frederick Campion)920125810aGrowth and organization in plants:bstructure, development, metabolism, physiology /c[by] F. C. Steward. aLondon :bAddison-Wesleycc1968 axi, 564 p.bill. ;c24 cm.0 aAddison-Wesley series in life science a"Essays first organized for Summer Institutes of Botanical Society of America and ... delivered as a series of lectures." aBibliography: p. 517-548. 0aPlant physiology.9201259 0aGrowth (Plants)9159174 3Addison-Wesley series in life science 2ddccBK c67892d67892 00102ddc40718NFICaRUCLbRUCLcReadingd1970-10-31eSweets & Zeitlingerg140.00l0o571.2 STG 1968r2017-03-29 00:00:00tC-1w2021-12-09yBK